01000nam a2200241 a 450000100100000000500170001000800410002702000150006804000250008310000330010824500920014126000730023330000280030649000300033450000730036450000210043750400320045870000380049071000720052883000360060095201050063699900170074100004198820201002035852.0130725s1995 sp a 001 0 spa d a8400072014 aDO-SdBNPbspacBNPHU1 aMartínez Fría, J.96892910aSulfuros y sulfusales de metales nobles /cJ. Martínez Frías, J. D. Martín Ramos. aMadrid :bConsejo Superior de Investigaciones Científicas.,c1995. a302 p. :bil. ;c22 cm.1 aTextos universitariosv23 aIncluye referencias bibliográficas y notas al pie de las páginas aIncluye índice aBibliografía : p. 264-2951 aMartín Ramos, J. D.eed.9689302 aConsejo Superior de Investigaciones Científicas (España)915178 0aTextos universitariosv2391147 001050718MOaGRbGRcCTd2013-10-29iLF1l0o p41988-10r2020-06-25w2020-06-25y1ZNo se presta c41477d41477